Planning and design of airports / (Record no. 234859)

000 -LEADER
fixed length control field 00962cam a2200265 a 4500
003 - CONTROL NUMBER IDENTIFIER
control field Nust
005 - DATE AND TIME OF LATEST TRANSACTION
control field 20170331121808.0
008 - FIXED-LENGTH DATA ELEMENTS--GENERAL INFORMATION
fixed length control field 170216b xxu||||| |||| 00| 0 eng d
020 ## - INTERNATIONAL STANDARD BOOK NUMBER
International Standard Book Number 0070453454 (acid₋free paper)
040 ## - CATALOGING SOURCE
Transcribing agency Nust-MCE
082 00 - DEWEY DECIMAL CLASSIFICATION NUMBER
Classification number 629.136 HOR
Author Mark HOR
100 1# - MAIN ENTRY--PERSONAL NAME
Personal name Horonjeff, Robert.
245 10 - TITLE STATEMENT
Title Planning and design of airports /
Statement of responsibility, etc. Robert Horonjeff, Francis X. McKelvey.
250 ## - EDITION STATEMENT
Edition statement 4th ed., International ed.
260 ## - PUBLICATION, DISTRIBUTION, ETC.
Place of publication, distribution, etc. New York :
Name of publisher, distributor, etc. McGraw-Hill,
Date of publication, distribution, etc. c1994.
300 ## - PHYSICAL DESCRIPTION
Extent xiii, 829 p. :
Other physical details ill. ;
Dimensions 24 cm.
650 #0 - SUBJECT ADDED ENTRY--TOPICAL TERM
Topical term or geographic name entry element Airports
General subdivision Planning.
650 #0 - SUBJECT ADDED ENTRY--TOPICAL TERM
Topical term or geographic name entry element Airports
General subdivision Design and construction.
650 #0 - SUBJECT ADDED ENTRY--TOPICAL TERM
Topical term or geographic name entry element MCE
700 1# - ADDED ENTRY--PERSONAL NAME
Personal name McKelvey, Francis X.
856 42 - ELECTRONIC LOCATION AND ACCESS
Uniform Resource Identifier <a href="http://www.loc.gov/catdir/bios/mh041/93023138.html">http://www.loc.gov/catdir/bios/mh041/93023138.html</a>
856 41 - ELECTRONIC LOCATION AND ACCESS
Uniform Resource Identifier <a href="http://www.loc.gov/catdir/toc/mh022/93023138.html">http://www.loc.gov/catdir/toc/mh022/93023138.html</a>
942 ## - ADDED ENTRY ELEMENTS (KOHA)
Koha item type Book
Source of classification or shelving scheme
Holdings
Withdrawn status Lost status Source of classification or shelving scheme Damaged status Not for loan Permanent Location Current Location Date acquired Total Checkouts Full call number Barcode Date last seen Price effective from Koha item type
          Central Library (CL) Central Library (CL) 03/31/2017   629.136 HOR HOR NIT-8262 03/31/2017 03/31/2017 Book
© 2023 Central Library, National University of Sciences and Technology. All Rights Reserved.